Počítačová simulácia vplyvu geometrických parametrov boostera na jeho modálne vlastnosti pre ultrazvukom podporované technologické procesy
Gespeichert in:
| 1. Verfasser: | |
|---|---|
| Weitere Verfasser: | |
| Format: | Manuskript Buch |
| Sprache: | Slowakisch |
| Veröffentlicht: |
2017
|
| Schlagworte: | |
| Online-Zugang: | http://is.stuba.sk/zp/portal_zp.pl?podrobnosti=115139 |
| Tags: |
Keine Tags, Fügen Sie das erste Tag hinzu!
|
MARC
| LEADER | 00000ntm a22000003a 4500 | ||
|---|---|---|---|
| 001 | stuzp62525 | ||
| 003 | SK-STU | ||
| 005 | 20170701210532.0 | ||
| 007 | ta | ||
| 008 | 150427s2015----xo-----f-mn---000-0-slo-d | ||
| 040 | |a STU |b slo | ||
| 041 | 0 | |a slo | |
| 100 | 1 | |a Samson, Miroslav |u 063000 |4 aut |U MTF Materiálovotechnologická fakulta |T MTF Ústav výrobných technológií |X 56643 |U M3000 |Y 83 |7 56643 | |
| 242 | 0 | 1 | |a Computational simulation of the influence of booster geometrical parameters on its modal properties for ultrasonically assisted technological processes |y eng |
| 245 | 1 | 0 | |a Počítačová simulácia vplyvu geometrických parametrov boostera na jeho modálne vlastnosti pre ultrazvukom podporované technologické procesy |
| 260 | |c 2017 | ||
| 650 | 4 | |a amplifikačný faktor |2 slo | |
| 650 | 4 | |a booster |2 slo | |
| 650 | 4 | |a ultrazvukom podporované obrábanie |2 slo | |
| 650 | 4 | |a kmitanie |2 slo | |
| 650 | 4 | |a ultrasonic assisted machinning |2 eng | |
| 650 | 4 | |a vibration |2 eng | |
| 650 | 4 | |a booster |2 eng | |
| 650 | 4 | |a amplification factor |2 eng | |
| 700 | 1 | |a Čičmancová, Lenka |u 066000 |k Z1 |4 ths |U MTF Materiálovotechnologická fakulta |T MTF Ústav aplikovanej informatiky, automatizácie a mechatroniky |X 37288 |U M6000 |Y 86 |7 37288 | |
| 856 | 4 | |u http://is.stuba.sk/zp/portal_zp.pl?podrobnosti=115139 | |
| 996 | |c M* BP-8126 |l MMSKP |s P |a 0 |w stuzp62525_0001 | ||